Mrketing Research:A Managerial Approach (Record no. 5325)

MARC details
005 - DATE AND TIME OF LATEST TRANSACTION
control field 20250626123855.0
020 ## - INTERNATIONAL STANDARD BOOK NUMBER
International Standard Book Number 978-1-4462-5615-2
082 ## - DEWEY DECIMAL CLASSIFICATION NUMBER
Classification number 658.83 MAR
100 ## - MAIN ENTRY--PERSONAL NAME
Author name Al Marshall
245 ## - TITLE STATEMENT
Title Mrketing Research:A Managerial Approach
260 ## - PUBLICATION, DISTRIBUTION, ETC.
Place of publication, distribution, etc. London
Name of publisher, distributor, etc. Sage
Date of publication, distribution, etc. 2023
300 ## - PHYSICAL DESCRIPTION
Extent viii,278p,p.;ill,Tables
Other physical details Index
Dimensions 24cm.
942 ## - ADDED ENTRY ELEMENTS (KOHA)
Source of classification or shelving scheme Dewey Decimal Classification
Koha item type Books
Holdings
Date last seen Total checkouts Full call number Barcode Cost, replacement price Price effective from Koha item type Lost status Source of classification or shelving scheme Damaged status Not for loan Withdrawn status Home library Current library Shelving location Date acquired Source of acquisition Cost, normal purchase price
06/26/2025   658.83 MAR MZA0002274 450000.00 06/26/2024 Books   Dewey Decimal Classification       CBE Mwanza CBE Mwanza Special Reserve Collection 06/26/2024 Library Budget 150000.00
06/26/2025   658.83 MAR MZA0002275 450000.00 06/26/2024 Books   Dewey Decimal Classification       CBE Mwanza CBE Mwanza Special Reserve Collection 06/26/2024 Library Budget 150000.00